All cities in Brazil with 100k+ inhabitants - Statistics

General Stats
  • This quiz has been taken 244 times
    211 since last reset
  • The average score is 104 of 326
Answer Stats
# Pop. City % Correct
2 6,7M Rio de Janeiro
100%
1 12,3M São Paulo
96%
3 3M Brasília
94%
7 2,2M Manaus
94%
6 2,5M Belo Horizonte
93%
11 1,4M Belém
92%
4 2,8M Salvador
92%
5 2,6M Fortaleza
90%
9 1,6M Recife
90%
12 1,4M Porto Alegre
89%
10 1,5M Goiânia
85%
8 1,9M Curitiba
83%
20 890K Natal
82%
19 906K Campo Grande
80%
59 419K Boa Vista
79%
17 1M Maceió
79%
71 365K Vitória
79%
48 508K Florianópolis
77%
33 664K Aracaju
76%
14 1,2M Campinas
75%
24 817K João Pessoa
75%
61 413K Rio Branco
75%
15 1,1M São Luís
75%
21 868K Teresina
75%
35 618K Cuiabá
73%
40 539K Porto Velho
73%
92 306K Palmas
72%
13 1,3M Guarulhos
70%
38 575K Londrina
70%
55 433K Santos
70%
116 250K São José
70%
30 699K Uberlândia
70%
18 924K Duque de Caxias
69%
46 512K Macapá
69%
27 711K Ribeirão Preto
68%
36 597K Joinville
66%
180 165K Caxias
65%
44 515K Niterói
65%
16 1M São Gonçalo
65%
29 699K Osasco
62%
62 411K Campina Grande
61%
43 517K Caxias do Sul
61%
34 619K Feira de Santana
61%
26 721K Santo André
59%
111 258K Foz do Iguaçu
58%
79 343K Pelotas
58%
91 306K Santarém
58%
54 444K Betim
56%
74 361K Blumenau
56%
22 844K São Bernardo do Campo
56%
23 823K Nova Iguaçu
55%
90 306K Petrópolis
55%
25 729K São José dos Campos
55%
31 687K Sorocaba
55%
82 337K Uberaba
55%
32 668K Contagem
54%
84 332K Cascavél
52%
56 430K Maringá
52%
77 354K Petrolina
52%
99 283K Santa Maria
52%
52 464K São José do Rio Preto
52%
47 511K Campos dos Goytacazes
51%
39 573K Juiz de Fora
51%
58 423K Jundiaí
51%
117 247K Novo Hamburgo
51%
68 379K Bauru
49%
28 706K Jaboatão dos Guararapes
49%
65 393K Olinda
49%
41 535K Ananindeua
48%
129 236K Rondonópolis
48%
49 501K Vila Velha
48%
106 273K Volta Redonda
48%
37 590K Aparecida de Goiânia
46%
137 224K Chapecó
46%
57 426K Diadema
46%
60 413K Montes Claros
46%
42 527K Serra
46%
140 218K Juazeiro
45%
70 368K São Vicente
45%
45 513K Belford Roxo
44%
142 217K Criciúma
44%
75 355K Franca
44%
145 211K Rio Grande
44%
123 241K Rio Verde
44%
66 391K Anápolis
42%
110 259K Imperatriz
42%
134 230K Presidente Prudente
42%
80 341K Vitória da Conquista
42%
76 355K Ponta Grossa
41%
102 281K Governador Valadares
39%
105 276K Juazeiro do Norte
39%
109 261K Macaé
39%
201 150K Porto Seguro
39%
151 208K Rio Claro
39%
257 123K Santana
39%
114 254K São Carlos
39%
185 159K Ilhéus
38%
138 223K Itajaí
38%
172 175K Itu
38%
50 477K Mauá
38%
94 300K Mossoró
38%
63 407K Piracicaba
38%
133 230K Cabo Frio
37%
87 322K Guarujá
37%
85 330K Praia Grande
37%
51 472K São João de Meriti
37%
88 317K Taubaté
37%
156 198K Araçatuba
35%
205 145K Balneário Camboriu
35%
136 225K Dourados
35%
108 265K Ipatinga
35%
89 308K Limeira
35%
53 450K Mogi das Cruzes
35%
103 276K Barueri
34%
237 130K Ji-Paraná
34%
188 157K Lages
34%
275 116K Ubá
34%
97 287K Várzea Grande
34%
119 246K Magé
32%
159 191K Nova Friburgo
32%
83 334K Paulista
32%
86 329K São José dos Pinhais
32%
204 146K Sinop
32%
244 126K Uruguaiana
32%
132 233K Arapiraca
31%
126 240K Divinópolis
31%
182 162K Nilópolis
31%
127 238K São Leopoldo
31%
95 300K Suzano
31%
241 128K Bragança
30%
118 246K Colombo
30%
101 283K Marabá
30%
125 240K Marília
30%
148 210K Sobral
30%
121 242K Americana
28%
72 365K Caruaru
28%
122 241K Sete Lagoas
28%
162 184K Teresópolis
28%
207 142K Toledo
28%
152 207K Angra dos Reis
27%
131 234K Hortolândia
27%
143 213K Itabuna
27%
146 211K Luziânia
27%
191 156K Paranaguá
27%
195 153K Parnaíba
27%
295 108K Patos
27%
265 121K Bagé
25%
78 348K Canoas
25%
287 112K Corumbá
25%
100 283K Gravataí
25%
164 182K Guarapuava
25%
120 242K Itaboraí
25%
69 375K Itaquaquecetuba
25%
153 204K Passo Fundo
25%
276 115K Altamira
24%
67 383K Cariacica
24%
154 203K Castanhal
24%
124 240K Itapevi
24%
177 170K Pindamonhangaba
24%
268 119K Salto
24%
184 161K São Caetano do Sul
24%
299 106K Tubarão
24%
128 238K Araraquara
23%
215 137K Brusque
23%
93 304K Camaçari
23%
113 256K Indaiatuba
23%
168 177K Itapecerica da Serra
23%
166 181K Jaraguá do Sul
23%
173 175K Palhoça
23%
229 132K Resende
23%
81 338K Ribeirão das Neves
23%
255 123K Três Lagoas
23%
141 217K Águas Lindas de Goiás
21%
163 183K Araguaína
21%
297 107K Araxá
21%
150 208K Cabo de Santo Agostinho
21%
64 403K Carapicuíba
21%
73 365K Caucaia
21%
262 122K Guaratinguetá
21%
135 229K Maracanaú
21%
181 164K Maricá
21%
196 153K Mogi Guaçu
21%
144 213K Parauapebas
21%
277 115K Parintins
21%
269 118K Paulo Afonso
21%
226 133K Pinhais
21%
158 194K Santa Bárbara do Oeste
21%
210 140K Teófilo Otoni
21%
176 170K Timon
21%
238 129K Trindade
21%
286 112K Umuarama
21%
218 136K Varginha
21%
326 100K Abreu e Lima
20%
161 184K Barra Mansa
20%
104 276K Embu das Artes
20%
251 123K Formosa
20%
314 103K Itanhaém
20%
199 151K Jaú
20%
194 153K Patos de Minas
20%
178 168K Poços de Caldas
20%
200 151K Queimados
20%
216 137K Santa Rita
20%
234 131K Valinhos
20%
174 172K Valparaíso de Goiás
20%
252 123K Votorantim
20%
221 135K Araras
18%
203 146K Araucária
18%
264 121K Bento Gonçalves
18%
175 170K Bragança Paulista
18%
253 123K Colatina
18%
231 131K Cubatão
18%
157 196K Ferraz de Vasconcelos
18%
318 102K Itacoatiara
18%
130 235K Jacareí
18%
170 176K Linhares
18%
249 124K Ribeirão Pires
18%
139 220K Santa Luzia
18%
228 132K São Mateus
18%
96 293K Taboão da Serra
18%
112 256K Viamão
18%
320 102K Vilhena
18%
307 105K Assis
17%
206 144K Atibaia
17%
260 122K Barretos
17%
202 148K Botucatu
17%
296 107K Cambé
17%
263 122K Catanduva
17%
227 133K Crato
17%
298 106K Erechim
17%
169 177K Francisco Morato
17%
190 156K Franco da Rocha
17%
211 140K Garanhuns
17%
245 126K Guarapari
17%
179 165K Itapetininga
17%
192 156K Jequié
17%
306 105K Lagarto
17%
155 201K Lauro de Freitas
17%
171 176K Mesquita
17%
160 185K Nossa Senhora do Socorro
17%
107 267K Parnamirim
17%
272 118K Poá
17%
193 155K Rio das Ostras
17%
208 142K Santana de Parnaíba
17%
98 286K Sumaré
17%
219 136K Apucarana
15%
292 109K Ariquemes
15%
214 138K Barbacena
15%
189 156K Barreiras
15%
240 129K Conselheiro Lafaiete
15%
115 253K Cotia
15%
282 114K Eunápolis
15%
322 102K Fazenda Rio Grande
15%
246 126K Jandira
15%
283 114K Ourinhos
15%
197 152K Pouso Alegre
15%
183 162K Teixeira de Freitas
15%
285 113K Açailândia
14%
147 211K Alvorada
14%
273 117K Araguari
14%
247 124K Birigui
14%
149 210K Cachoeiro de Itapemirim
14%
224 133K Campo Largo
14%
311 103K Itaperuna
14%
301 105K Itumbiara
14%
321 102K Jataí
14%
310 104K Leme
14%
288 112K Paulínia
14%
198 152K Alagoinhas
13%
267 120K Almirante Tamandaré
13%
248 124K Arapongas
13%
313 103K Breves
13%
317 102K Caieiras
13%
187 158K Camaragibe
13%
289 110K Catalão
13%
256 123K Codó
13%
222 134K Itaguaí
13%
293 109K Muriaé
13%
281 114K Paragominas
13%
280 114K Piraquara
13%
209 141K Sapucaia do Sul
13%
242 127K Sertãozinho
13%
212 139K Vitória de Santo Antão
13%
186 159K Abaetetuba
11%
315 103K Aracruz
11%
223 134K Araruama
11%
308 104K Bacabal
11%
325 100K Barra do Piraí
11%
254 123K Caraguatatuba
11%
290 110K Coronel Fabriciano
11%
271 118K Igarassu
11%
266 120K Itabira
11%
235 130K Itapipoca
11%
309 104K Lavras
11%
278 115K Passos
11%
232 131K Santa Cruz do Sul
11%
230 132K São Félix do Xingu
11%
284 114K São Lourenço da Mata
11%
270 118K Senador Canedo
11%
220 135K Simões Filho
11%
294 108K Tailândia
11%
302 105K Tangará da Serra
11%
258 123K Várzea Paulista
11%
233 131K Cachoeirinha
10%
165 182K Ibirité
10%
316 103K Iguatu
10%
261 122K Itatiba
10%
323 101K Mairiporã
10%
225 133K Marituba
10%
217 137K Sabará
10%
312 103K São Gonçalo do Amarante
10%
167 179K São José de Ribamar
10%
259 122K Tatuí
10%
279 115K Tucuruí
10%
243 127K Barcarena
8%
324 101K Itaituba
8%
305 105K Ituiutaba
8%
236 130K Maranguape
8%
274 117K Novo Gama
8%
250 123K Paço do Lumiar
8%
291 109K Santa Cruz do Capibaribe
8%
239 129K Vespasiano
8%
213 139K Cametá
7%
304 105K Nova Serrana
7%
319 102K Santo Antônio de Jesus
7%
300 106K São Pedro da Aldeia
7%
303 105K Japeri
6%
No matching quizzes found
Score Distribution
Percent of People with Each Score
Percentile by Number Answered
Your Score History
You have not taken this quiz since the last reset